000 00324nam a2200133Ia 4500
005 20251222144655.0
008 251222s9999||||xx |||||||||||||| ||spa||
020 _a8479151285
082 _a750/O53/T.II
245 0 _aLos Genios Universales de la Pintura
250 _a1ra.ed.
264 _bEdiciones Rayuela
942 _cLIB
999 _c17215
_d17215